[Event "Baden"]
[Site "Vienna"]
[Date "1980.??.??"]
[Round "11"]
[White "Seirawan, Yasser"]
[Black "Nunn, John DM"]
[Result "1/2-1/2"]
[WhiteElo "2510"]
[BlackElo "2515"]

1.Nf3 g6 2.d4 Bg7 3.c3 d6 4.e4 Nf6 5.Bd3 O-O 6.O-O Nbd7 7.Bg5 h6 8.Bh4 g5
9.Bg3 Nh5 10.Na3 e5 11.dxe5 dxe5 12.Re1 Nf4 13.Bf1 Qe7 14.Nc4 Rd8 15.Qc2 Nf8
16.Ne3 N8g6 17.Nd2 c6 18.Ndc4 Bf8 19.f3 Qf6 20.b4 h5 21.Rad1 Be6 22.Na5 Qe7
23.Bf2 Qc7 24.Qb1 b6 25.Nac4 Rxd1 26.Rxd1 Rd8 27.Nf5 Rxd1 28.Qxd1 Ne7 29.g3 Bxc4
30.Nxe7+ Qxe7 31.Bxc4 Nh3+ 32.Kg2 Nxf2 33.Kxf2 Qd6 34.Qxd6 Bxd6 35.a4 a5
36.bxa5 bxa5 37.Ba6 Bc5+ 38.Ke1 Bg1 39.h3 Kf8 40.Bb7 c5 41.Kd2 Bf2  1/2-1/2

[Event "Baden"]
[Site "Vienna"]
[Date "1980.??.??"]
[Round "12"]
[White "Nunn, John DM"]
[Black "Byrne, Robert E"]
[Result "1/2-1/2"]
[WhiteElo "2515"]
[BlackElo "2530"]

1.e4 e5 2.Nf3 Nc6 3.Bc4 Bc5 4.c3 Nf6 5.d3 d6 6.b4 Bb6 7.a4 a6 8.O-O O-O 9.Nbd2 Ne7
10.Bb3 Ng6 11.Nc4 Ba7 12.h3 h6 13.Re1 Bd7 14.Ra2 Re8 15.a5 Qe7 16.Ba4  1/2-1/2

[Event "Baden"]
[Site "Vienna"]
[Date "1980.??.??"]
[Round "13"]
[White "Gligoric, Svetozar"]
[Black "Nunn, John DM"]
[Result "0-1"]
[WhiteElo "2565"]
[BlackElo "2515"]

1.d4 d6 2.e4 Nf6 3.Nc3 g6 4.Nf3 Bg7 5.Be2 O-O 6.O-O Bg4 7.Be3 Nc6 8.Qd3 e5
9.d5 Ne7 10.h3 Bc8 11.Nd2 Nd7 12.Nc4 f5 13.f4 exf4 14.Rxf4 g5 15.Rff1 f4
16.Bd4 Ng6 17.Bxg7 Kxg7 18.Nb5 Nde5 19.Qc3 Bd7 20.Nd4 Kg8 21.Rad1 Nxc4 22.Qxc4 Ne5
23.Qb3 Rb8 24.Ne6 Bxe6 25.dxe6 Qe7 26.Rd5 Kh8 27.Bg4 c6 28.Rxe5 dxe5 29.Qc3 Qc7
30.Kh2 Rbd8 31.Qa3 c5 32.Bf5 b6 33.Qf3 Qe7 34.Qh5 Rf6 35.Bxh7 Kg7 36.Bf5 Rh6
37.Qg4 Kf6 38.Rd1 Rxd1 39.Qxd1 Rh8 40.c3 b5 41.Qd5 Rd8 42.Qc6 f3 43.gxf3 Qd6
44.e7 Kxe7 45.Qb7+ Kf8 46.h4 Qd1 47.hxg5 Qxf3 48.Bd7 Qe2+  0-1

[Event "Baden"]
[Site "Vienna"]
[Date "1980.??.??"]
[Round "15"]
[White "Nunn, John DM"]
[Black "Van der Wiel, John TH"]
[Result "1/2-1/2"]
[WhiteElo "2515"]
[BlackElo "2465"]

1.e4 c5 2.Nf3 Nc6 3.d4 cxd4 4.Nxd4 Nf6 5.Nc3 d6 6.Bc4 Qb6 7.Nb3 e6 8.O-O a6
9.a4 Qc7 10.a5 Nxa5 11.Nxa5 b6 12.e5 bxa5 13.exf6 Qxc4 14.fxg7 Bxg7 15.Qxd6 Ra7
16.Rxa5 Rd7 17.Qc5 Qxc5 18.Rxc5 Bb7 19.Rd1 Bf8 20.Rxd7 Kxd7 21.Rc4 Rg8 22.Ne4 Be7
23.Rd4+ Kc8 24.Rc4+ Kd8  1/2-1/2

[Event "BCF-ch playoff"]
[Site "London"]
[Date "1981.02.13"]
[Round "1"]
[White "Hartston, William R"]
[Black "Nunn, John DM"]
[Result "1/2-1/2"]
[WhiteElo "2450"]
[BlackElo "2575"]

1.d4 Nf6 2.c4 g6 3.Nc3 Bg7 4.Nf3 O-O 5.Bg5 c5 6.e3 cxd4 7.exd4 d6 8.Be2 Bg4
9.O-O Nc6 10.d5 Bxf3 11.Bxf3 Ne5 12.Be2 Rc8 13.b3 a6 14.a4 Ned7 15.a5 Rc5
16.b4 Rc7 17.Rc1 b6 18.axb6 Nxb6 19.Na4 Nxa4 20.Qxa4 Ne4 21.Be3 Nc3 22.Rxc3 Bxc3
23.Qa3 Bf6 24.Bb6 Qb8 25.Bxc7 Qxc7 26.Qxa6 Rb8 27.Rb1 Rb7 28.Qa2 Bc3 29.b5 Bd4
30.Qd2 Qb6 31.Bf1 Ra7  1/2-1/2

[Event "BCF-ch playoff"]
[Site "London"]
[Date "1981.02.16"]
[Round "5"]
[White "Hartston, William R"]
[Black "Nunn, John DM"]
[Result "1/2-1/2"]
[WhiteElo "2450"]
[BlackElo "2575"]

1.d4 Nf6 2.c4 c5 3.d5 e6 4.Nc3 exd5 5.cxd5 d6 6.e4 g6 7.Bd3 Bg7 8.Nge2 O-O
9.O-O Nbd7 10.Bg5 a6 11.a4 Rb8 12.Kh1 Qc7 13.Rc1 Ne5 14.f4 Nxd3 15.Qxd3 b5
16.axb5 axb5 17.b4 cxb4 18.e5 Bf5 19.Qd4 dxe5 20.fxe5 Ng4 21.Qxb4 Qc4 22.Qxc4  1/2-1/2

[Event "Helsinki"]
[Site "Helsinki"]
[Date "1981.??.??"]
[Round "1"]
[White "Nunn, John DM"]
[Black "Turunen, Erkki O"]
[Result "1-0"]
[WhiteElo "2575"]
[BlackElo "2295"]

1.e4 e6 2.d4 d5 3.Nd2 c5 4.Ngf3 Nc6 5.exd5 exd5 6.Bb5 cxd4 7.Nxd4 Bd7 8.N2f3 Nf6
9.O-O Be7 10.c3 O-O 11.Bd3 Re8 12.Bf4 Nxd4 13.Nxd4 Bc5 14.Bc2 Qb6 15.Nb3 Bg4
16.Qc1 Be2 17.Nxc5 Bxf1 18.Na4 Qc6 19.Qxf1 b5 20.Qd1 Re6 21.Be3 bxa4 22.Bxa4 Qc4
23.Bb3 Qe4 24.h3 a5 25.Bc2 Qc4 26.Bd3 Qc6 27.a4 Rb8 28.Bb5 Qb7 29.Qf3 Ne4
30.Rd1 g6 31.c4 Rf6 32.Qg4 Rf5 33.c5 Qc7 34.Bd4 Rc8 35.Rc1 h5 36.Qe2 Rf4
37.Rc2 Kh7 38.Qe3 Rf5 39.c6 Rb8 40.Ba7 Ra8 41.Bb6  1-0

[Event "Helsinki"]
[Site "Helsinki"]
[Date "1981.??.??"]
[Round "2"]
[White "Ristoja, Thomas W"]
[Black "Nunn, John DM"]
[Result "0-1"]
[WhiteElo "2360"]
[BlackElo "2575"]

1.e4 c5 2.Nf3 d6 3.d4 cxd4 4.Nxd4 Nf6 5.Nc3 a6 6.f4 e6 7.Bd3 Nc6 8.Nf3 Be7
9.O-O O-O 10.a4 Nb4 11.Kh1 b6 12.Qe1 Bb7 13.Be3 Qc7 14.Rc1 Rfd8 15.Bd4 Bc6
16.Qg3 Qb7 17.Rce1 Nxd3 18.cxd3 b5 19.axb5 axb5 20.e5 dxe5 21.fxe5 Nh5 22.Qg4 g6
23.Ne4 Ra4 24.b3 Raxd4 25.Nxd4 Rxd4 26.Nf6+ Nxf6 27.Qxd4 Bxg2+ 28.Kg1 Bxf1
29.Rxf1 Nd5  0-1

[Event "Helsinki"]
[Site "Helsinki"]
[Date "1981.??.??"]
[Round "3"]
[White "Nunn, John DM"]
[Black "Raaste, Eero J"]
[Result "1/2-1/2"]
[WhiteElo "2575"]
[BlackElo "2390"]

1.e4 e6 2.d4 d5 3.Nd2 c5 4.Ngf3 Nc6 5.exd5 exd5 6.Bb5 Bd6 7.dxc5 Bxc5 8.Nb3 Bd6
9.O-O Ne7 10.Re1 O-O 11.Bg5 Bg4 12.Be2 Bh5 13.Nfd4 Bg6 14.Bd3 Qd7 15.Bxe7 Bxe7
16.c3 Rfe8 17.Bxg6 hxg6 18.Qd3 Nxd4 19.Nxd4 Bf6 20.g3 a6 21.Ne2 b5 22.Nd4 Qg4
23.Nc2 Qc4 24.Qd2 Qc5 25.Rxe8+ Rxe8 26.a4 a5 27.axb5 Qxb5 28.Nd4 Bxd4 29.Qxd4 Re4
30.Qa7 Qxb2 31.Qxa5 Rc4 32.Qd8+ Kh7 33.Re1 Re4 34.Rxe4 Qb1+  1/2-1/2

[Event "Helsinki"]
[Site "Helsinki"]
[Date "1981.??.??"]
[Round "4"]
[White "Hurme, Harri M"]
[Black "Nunn, John DM"]
[Result "0-1"]
[WhiteElo "2355"]
[BlackElo "2575"]

1.d4 Nf6 2.c4 g6 3.Nc3 Bg7 4.e4 d6 5.f3 a6 6.Be3 Nc6 7.Nge2 Rb8 8.Qd2 O-O
9.h4 h5 10.O-O-O b5 11.Bh6 Na5 12.Bxg7 Kxg7 13.Nf4 c6 14.g4 Rh8 15.Qg2 Qc7
16.gxh5 Nxh5 17.Nxh5+ Rxh5 18.f4 d5 19.e5 Nxc4 20.Be2 Ne3 21.Qg3 Nxd1 22.Nxd1 Rh6
23.Bd3 c5 24.f5 cxd4+ 25.Kb1 Bxf5 26.Bxf5 Rh5 27.Rf1 Rxf5 28.Rxf5 Rc8 29.Nc3 dxc3
30.h5 cxb2 31.Rxf7+ Kxf7 32.Qxg6+ Kf8  0-1

[Event "Helsinki"]
[Site "Helsinki"]
[Date "1981.??.??"]
[Round "7"]
[White "Nunn, John DM"]
[Black "Farago, Ivan"]
[Result "1/2-1/2"]
[WhiteElo "2575"]
[BlackElo "2535"]

1.e4 e6 2.d4 d5 3.Nd2 Nf6 4.e5 Nfd7 5.Ngf3 c5 6.c3 Nc6 7.Bd3 Qb6 8.O-O Be7
9.Re1 cxd4 10.cxd4 Nxd4 11.Nxd4 Qxd4 12.Nf3 Qb6 13.Qc2 Qc5 14.Qe2 Qb6 15.Be3 Bc5
16.Qc2 Bxe3 17.Rxe3 h6 18.Rc1 O-O 19.Bh7+ Kh8 20.Ng5 f5 21.Bg6 hxg5 22.Rh3+ Kg8
23.Qc3 g4 24.Rh5 Rd8 25.Bh7+ Kf7 26.h3 Nf8 27.hxg4 Bd7 28.gxf5 exf5 29.e6+ Bxe6
30.Rg5 g6 31.Qh8 Ke7 32.Bxg6 Nxg6 33.Qg7+ Kd6 34.Rxg6 Re8 35.Re1 Re7 36.Rgxe6+ Rxe6
37.Qg3+ Kd7 38.Qg7+ Kd6 39.Qg3+  1/2-1/2

[Event "Helsinki"]
[Site "Helsinki"]
[Date "1981.??.??"]
[Round "8"]
[White "Sznapik, Aleksander"]
[Black "Nunn, John DM"]
[Result "1/2-1/2"]
[WhiteElo "2450"]
[BlackElo "2575"]

1.Nf3 g6 2.e4 d6 3.d4 Nf6 4.Nc3 Bg7 5.h3 O-O 6.Be3 c6 7.a4 a5 8.Be2 Na6 9.O-O Nb4
10.Nd2 e5 11.dxe5 dxe5 12.Nc4 Be6 13.Nb6 Qxd1 14.Raxd1 Rad8 15.Bc4 Nxc2 16.Bc5 Rfe8
17.Bxe6 fxe6 18.Nc4 Nd7 19.Bd6 Ra8 20.Bc7 Nd4 21.Bxa5 Ra6 22.Nd6 Rea8 23.Bc7 b6
24.Nc4 Rc8 25.Bd6 b5 26.Ne3 bxa4 27.Nc4 c5 28.Be7 Rb8 29.Ra1 Rb4 30.Ne3 Kf7
31.Bh4 Rxb2 32.Nxa4 Ne2+ 33.Kh2 Rb4 34.Rad1 Ra7 35.Rd2 Rbxa4 36.Rxe2 Rxe4
37.Bg3 Rd4 38.Ng4 e4 39.f3 exf3 40.Rxf3+ Ke7 41.Bh4+  1/2-1/2

[Event "Helsinki"]
[Site "Helsinki"]
[Date "1981.??.??"]
[Round "9"]
[White "Nunn, John DM"]
[Black "Binham, Timothy F"]
[Result "1-0"]
[WhiteElo "2575"]
[BlackElo "2375"]

1.e4 c5 2.Nf3 Nc6 3.d4 cxd4 4.Nxd4 Nf6 5.Nc3 e6 6.Nxc6 bxc6 7.e5 Nd5 8.Ne4 Qc7
9.f4 Qb6 10.Bd3 Ba6 11.Bxa6 Qxa6 12.Qe2 Qb6 13.c4 Bb4+ 14.Kf1 f5 15.Nf2 Ne7
16.Nd3 Bc5 17.Nxc5 Qxc5 18.Be3 Qb4 19.h4 Ng8 20.b3 Nh6 21.Qe1 Qa3 22.Qc1 Qb4
23.Qd2 Qa3 24.Rh3 Ng4 25.Bg1 Rb8 26.Rd1 O-O 27.Rd3 a5 28.Rxd7 Kh8 29.Ra7  1-0

[Event "Helsinki"]
[Site "Helsinki"]
[Date "1981.??.??"]
[Round "10"]
[White "Rantanen, Yrjo A"]
[Black "Nunn, John DM"]
[Result "1/2-1/2"]
[WhiteElo "2460"]
[BlackElo "2575"]

1.e4 c5 2.Nf3 d6 3.d4 cxd4 4.Nxd4 Nf6 5.Nc3 a6 6.f4 e5 7.Nf3 Qc7 8.a4 b6
9.Bd3 Nbd7 10.O-O Bb7 11.Qe1 g6 12.fxe5 dxe5 13.Qh4 Be7 14.Bg5 h6 15.Kh1 Kf8
16.Nd2 Kg7 17.Be3 Nc5 18.Bc4 Raf8 19.Qf2 Bd8 20.Bxc5 Qxc5 21.Qxc5 bxc5 22.a5  1/2-1/2

[Event "Johannesburg"]
[Site "Johannesburg"]
[Date "1981.??.??"]
[Round "1"]
[White "Kortschnoj, Viktor"]
[Black "Nunn, John DM"]
[Result "0-1"]
[WhiteElo "2695"]
[BlackElo "2580"]

1.c4 Nf6 2.Nc3 g6 3.e4 d6 4.d4 Bg7 5.Be2 O-O 6.Nf3 Nbd7 7.O-O e5 8.Qc2 a5
9.Rd1 exd4 10.Nxd4 Nc5 11.Ndb5 Re8 12.Bg5 Bd7 13.f3 Ne6 14.Be3 Nh5 15.Bf1 f5
16.exf5 gxf5 17.Bf2 Rf8 18.g3 Nf6 19.Qxf5 Ng4 20.Qxg4 Ng5 21.Qh5 Be8 22.Qxg5 Qxg5
23.Nxc7 Rxf3 24.Nxa8 Rxf2 25.Kxf2 Qc5+ 26.Kg2 Bxc3 27.Nc7 Bg6 28.Nd5 Be4+
29.Kh3 Bxb2 30.Rab1 Qf2 31.Rxb2 Qxb2 32.Nf4 Bf5+ 33.g4 Qf2  0-1

[Event "Johannesburg"]
[Site "Johannesburg"]
[Date "1981.??.??"]
[Round "1"]
[White "Nunn, John DM"]
[Black "Huebner, Robert"]
[Result "0-1"]
[WhiteElo "2580"]
[BlackElo "2640"]

1.e4 e5 2.Bc4 Bc5 3.Nf3 Nc6 4.b4 Bxb4 5.c3 Ba5 6.Qb3 Qf6 7.O-O Bb6 8.d4 d6
9.dxe5 Nxe5 10.Nxe5 dxe5 11.a4 a6 12.Kh1 Ne7 13.f4 Be6 14.a5 Bc5 15.Qxb7 O-O
16.fxe5 Qg6 17.Nd2 Bxc4 18.Nxc4 Qe6 19.Qb3 Rab8 20.Qa4 Nc6 21.Bf4 Rb5 22.Rad1 Ba7
23.h3 h6 24.Rd5 Rxd5 25.exd5 Qxd5 26.Ne3 Bxe3 27.Bxe3 Nxe5 28.Bf4 Rd8 29.Bxe5 Qxe5
30.Qc4 Rd5 31.Qxa6 Rxa5 32.Qc4 Rd5 33.Qb3 g6 34.Qc4 Kg7 35.Qb3 Qe4 36.Qa2 Qd3
37.Rf3 Qe4 38.Rf1 h5 39.Qb3 Qd3 40.Kg1 Rd7 41.Qb4 Qe3+ 42.Kh1 Rd5 43.Qb3 Qd3
44.Kg1 c5 45.Qb7 Qe3+ 46.Kh1 Qe6 47.Qc7 Rg5 48.Qf4 Rf5 49.Qc1 Re5 50.Qd1 Re2
51.Qd3 Qe4 52.Qg3 Re3 53.Qf2 f5 54.c4 Rxh3+ 55.Kg1 Re3 56.Rd1 Re2 57.Qg3 Qe5
58.Qh4 Kh6  0-1

[Event "Johannesburg"]
[Site "Johannesburg"]
[Date "1981.??.??"]
[Round "1"]
[White "Andersson, Ulf"]
[Black "Nunn, John DM"]
[Result "1-0"]
[WhiteElo "2600"]
[BlackElo "2580"]

1.Nf3 Nf6 2.c4 g6 3.g3 Bg7 4.Bg2 O-O 5.O-O d6 6.Nc3 Nc6 7.d3 e5 8.Rb1 a5
9.a3 Nd4 10.b4 axb4 11.axb4 c6 12.b5 Bg4 13.Bg5 Bxf3 14.Bxf3 h6 15.Bxf6 Nxf3+
16.exf3 Bxf6 17.bxc6 bxc6 18.Rb7 Ra3 19.Qc2 d5 20.cxd5 cxd5 21.Nb5 Ra5 22.Qc6 Bg7
23.Rb1 Ra2 24.Nd6 e4 25.Nxf7  1-0

[Event "Johannesburg"]
[Site "Johannesburg"]
[Date "1981.??.??"]
[Round "2"]
[White "Huebner, Robert"]
[Black "Nunn, John DM"]
[Result "1-0"]
[WhiteElo "2640"]
[BlackElo "2580"]

1.d4 Nf6 2.c4 g6 3.Nc3 Bg7 4.e4 d6 5.Nf3 O-O 6.Be2 Nbd7 7.O-O e5 8.Re1 c6
9.Bf1 a5 10.dxe5 dxe5 11.Na4 Qe7 12.Qc2 Rd8 13.h3 Nc5 14.Nxc5 Qxc5 15.Be3 Qe7
16.Rad1 Rxd1 17.Rxd1 Be6 18.Nxe5 Bxh3 19.Nxc6 bxc6 20.gxh3 Nxe4 21.Bg2 f5
22.b3 Re8 23.Bxe4 fxe4 24.Qd2 Qh4 25.Qd7 Rf8 26.Qe6+ Kh8 27.Rd7 Qh5 28.Qe7 Qe5
29.Qxf8+  1-0

[Event "Johannesburg"]
[Site "Johannesburg"]
[Date "1981.??.??"]
[Round "2"]
[White "Nunn, John DM"]
[Black "Kortschnoj, Viktor"]
[Result "1-0"]
[WhiteElo "2580"]
[BlackElo "2695"]

1.e4 e5 2.Bc4 Nf6 3.d3 c6 4.Nf3 d5 5.Bb3 Bd6 6.Nc3 d4 7.Ne2 Na6 8.c3 dxc3
9.bxc3 O-O 10.O-O Nc5 11.Bc2 Bg4 12.Ng3 Nh5 13.h3 Nxg3 14.fxg3 Bh5 15.g4 Bg6
16.h4 f6 17.h5 Bf7 18.d4 Ne6 19.Bb3 Qa5 20.Bd2 exd4 21.cxd4 Bb4 22.Be3 Rae8
23.h6 Kh8 24.g5 fxg5 25.Ne5 Bg8 26.hxg7+ Kxg7 27.Rf5 Be7 28.Qf3 Qd8 29.Qh5 Rxf5
30.exf5 Nf4 31.Bxf4 Qxd4+ 32.Kh1 Qxa1+ 33.Kh2 Rf8 34.Ng4 gxf4 35.f6+ Rxf6
36.Qg5+ Rg6 37.Qxe7+ Kh8 38.Bxg8 Qg7 39.Bf7  1-0

[Event "Johannesburg"]
[Site "Johannesburg"]
[Date "1981.??.??"]
[Round "3"]
[White "Kortschnoj, Viktor"]
[Black "Nunn, John DM"]
[Result "1-0"]
[WhiteElo "2695"]
[BlackElo "2580"]

1.Nf3 g6 2.d4 Bg7 3.g3 Nf6 4.Bg2 O-O 5.O-O d6 6.b3 c6 7.Bb2 Bg4 8.h3 Bxf3
9.Bxf3 Nbd7 10.Bg2 e5 11.dxe5 dxe5 12.Nd2 Qc7 13.Nc4 Rad8 14.Qd6 Qc8 15.Qa3 Qb8
16.Rad1 Rfe8 17.b4 Nb6 18.Na5 h5 19.c4 h4 20.Rxd8 Rxd8 21.c5 Nbd5 22.e4 Ne7
23.Nc4 Nh5 24.Bf3 hxg3 25.Bxh5 g2 26.Kxg2 gxh5 27.Rg1 Ng6 28.Kh2 b6 29.Qf3 bxc5
30.bxc5 Rd7 31.Bc3 h4 32.Qf5 Re7 33.Nd6 Qf8 34.Bd2 Re6 35.Bg5 Nf4 36.Bf6 Nh5
37.Qxh5 Rxf6 38.Nf5  1-0

[Event "Johannesburg"]
[Site "Johannesburg"]
[Date "1981.??.??"]
[Round "3"]
[White "Nunn, John DM"]
[Black "Huebner, Robert"]
[Result "1/2-1/2"]
[WhiteElo "2580"]
[BlackElo "2640"]

1.e4 c6 2.c4 d5 3.exd5 cxd5 4.cxd5 Nf6 5.Nc3 Nxd5 6.Nf3 e6 7.d4 Be7 8.Bd3 O-O
9.O-O Nc6 10.Re1 Bf6 11.Be4 Nce7 12.Qc2 g6 13.Bh6 Bg7 14.Bxg7 Kxg7 15.Bxd5 Nxd5
16.Qe4 Nxc3 17.bxc3 Qd5 18.Qd3 b6 19.c4 Qd6 20.Qc3 f6 21.c5 Qc6 22.Rac1 bxc5
23.dxc5 Bb7 24.Red1 Rad8 25.Qa5 Rxd1+ 26.Rxd1 Rf7 27.Qxa7 Qe4 28.Qb6 Bd5
29.h3 Qc2 30.Re1 Qxa2 31.Qd6 Qa4 32.c6 Qc4 33.Re3 Ra7 34.Re1 g5 35.Qb8 Rf7
36.Qb2 Bxf3 37.Rc1 Qe2 38.Qc3 Bxc6 39.Qxc6 Qd2 40.Rb1 Qd7 41.Qa8 Qd5 42.Qc8 Qd7
43.Qa8 Rf8 44.Qe4 Rc8 45.Rb7 Rc1+ 46.Kh2 Rc7 47.Rb6 e5 48.Qf3 Qd8 49.Qf5 Rf7
50.Re6 Qd4 51.g3 h5 52.Kg2 h4 53.g4 Qd8 54.Qf3 Rd7 55.Ra6 Qe7 56.Qe4 Qc5
57.Qf3 Rf7 58.Qe4 Qc1 59.Re6 Qd2 60.Qf3 Qd4 61.Qf5 Qc4 62.Rd6 Qf4 63.Qc8 Qe4+
64.Kg1 Qb1+ 65.Kh2 Qb7 66.Qf5 Qb4 67.Qe6 e4 68.Rd7 Rxd7 69.Qxd7+ Kf8 70.Qd8+ Kf7
71.Qd5+ Ke7 72.Kg2 Qa4 73.Qc5+ Ke6 74.Qf5+ Ke7 75.Qc5+ Kf7 76.Qc7+ Ke6 77.Qb6+ Kf7
78.Qc7+ Kg6 79.Qc8 Qb4  1/2-1/2

[Event "Johannesburg"]
[Site "Johannesburg"]
[Date "1981.??.??"]
[Round "4"]
[White "Nunn, John DM"]
[Black "Andersson, Ulf"]
[Result "1/2-1/2"]
[WhiteElo "2580"]
[BlackElo "2600"]

1.e4 c5 2.Nf3 d6 3.d4 cxd4 4.Nxd4 Nf6 5.Nc3 e6 6.g4 h6 7.h4 Nc6 8.Rg1 h5
9.gxh5 Nxh5 10.Bg5 Qb6 11.Nb3 Nf6 12.Qe2 a6 13.O-O-O Bd7 14.Rg3 Qc7 15.Rgd3 b5
16.a3 Rc8 17.f4 Nh7 18.e5 d5 19.Bh3 Nxg5 20.hxg5 b4 21.Nxd5 exd5 22.Bxd7+ Qxd7
23.Rxd5 Qf5 24.e6 Qxe6 25.Qd2 Be7 26.f5 Qe4 27.f6 gxf6 28.gxf6 Bxf6 29.Nc5 Qc4
30.axb4 Qxb4 31.Re1+ Be7 32.Rxe7+ Nxe7 33.Qxb4 Nxd5 34.Qe4+ Ne7 35.Nxa6 f5
36.Qa4+  1/2-1/2

[Event "Johannesburg"]
[Site "Johannesburg"]
[Date "1981.??.??"]
[Round "4"]
[White "Huebner, Robert"]
[Black "Nunn, John DM"]
[Result "1-0"]
[WhiteElo "2640"]
[BlackElo "2580"]

1.d4 Nf6 2.Nf3 g6 3.c4 Bg7 4.g3 O-O 5.Bg2 d6 6.O-O Nc6 7.Nc3 a6 8.h3 Rb8
9.e4 b5 10.e5 Nd7 11.e6 fxe6 12.d5 exd5 13.cxd5 Na5 14.Nd4 Ne5 15.b4 Nac4
16.f4 Nf7 17.Nc6 Qe8 18.Nxb8 Bf5 19.Rf3 Qxb8 20.g4 Qb6+ 21.Kh2 Bd7 22.Rb1 g5
23.f5 Nfe5 24.Rg3 h6 25.Rb3 a5 26.bxa5 Qxa5 27.a3 Ra8 28.Ne4 Qb6 29.Kh1 Na5
30.Rb1 Nac4 31.h4 gxh4 32.Rh3 h5 33.gxh5 Bxf5 34.Rxh4 Ne3 35.Qe2 N5g4 36.Rb3 Bh6
37.Rxb5 Qd4 38.Bb2 Qd1+ 39.Qxd1 Nxd1 40.Bf3 Nxb2 41.Rxb2 Ne5 42.Rb3 Bd7 43.Bg2 Ra4
44.Bh3 Bxh3 45.Rbxh3 Ra5 46.Rc3 Kf8 47.Kg2 Rxd5 48.Rxc7 Rd4 49.Rc8+ Kg7 50.Ng3 Rd2+
51.Kh3 Kf7 52.Rc3 d5 53.Nf5 Bg5 54.Rd4 Rf2 55.Nh4 e6 56.Kg3 Ra2 57.Nf3 Nxf3
58.Rxf3+ Kg7 59.Ra4 Kh6 60.Rf2 Ra1 61.Re2 Kxh5 62.Rxe6 Rd1 63.Re5 Rd3+ 64.Kf2 Rd2+
65.Ke1 Rd3 66.Ra5 Kg4 67.Rexd5  1-0

[Event "Johannesburg"]
[Site "Johannesburg"]
[Date "1981.??.??"]
[Round "4"]
[White "Nunn, John DM"]
[Black "Kortschnoj, Viktor"]
[Result "1/2-1/2"]
[WhiteElo "2580"]
[BlackElo "2695"]

1.e4 e5 2.Nf3 Nc6 3.Bc4 Bc5 4.c3 Nf6 5.d3 O-O 6.O-O d6 7.Nbd2 a6 8.Bb3 Ba7
9.Re1 Be6 10.Nf1 Qd7 11.Be3 Bxe3 12.Nxe3 Rae8 13.Bc2 d5 14.exd5 Nxd5 15.d4 exd4
16.Nxd5 Bxd5 17.Rxe8 Rxe8 18.Nxd4 Nxd4 19.Qxd4 Qe6 20.Bd3 Bxa2 21.c4 Bb3
22.Qc3 Qb6 23.Kf1 g6 24.f3 Re3 25.Ra3 Bd1 26.c5 Qe6 27.Qd2 Bxf3 28.Kf2 Re5
29.gxf3 Rxc5 30.Be4 Qe5 31.Kg2 Qg5+ 32.Qxg5 Rxg5+ 33.Kh1 Rb5 34.Rc3 c6 35.b3 Kf8
36.Kg2 Ke7 37.f4 Rb4 38.Kf3 Kd6 39.Ke3 a5 40.Bc2 Rb5 41.Bd1 f6 42.h4 h6 43.Rc4 g5
44.fxg5 fxg5 45.h5 Re5+ 46.Kf2 Rc5 47.Ra4 b6 48.Bf3 Rc2+ 49.Kg3 Rc3 50.Re4 Rxb3
51.Re8 a4 52.Rh8 a3 53.Rxh6+ Ke5 54.Rh7 a2 55.Ra7 Kf5 56.Rf7+ Ke6 57.Ra7 Kf5  1/2-1/2

[Event "Wiesbaden"]
[Site "Wiesbaden"]
[Date "1981.??.??"]
[Round "?"]
[White "Koch, Robert"]
[Black "Nunn, John DM"]
[Result "0-1"]
[WhiteElo "2200"]
[BlackElo "2580"]

1.d4 g6 2.Nf3 Bg7 3.Bf4 d6 4.e3 Nd7 5.Bc4 e5 6.dxe5 dxe5 7.Bxf7+ Kxf7 8.Ng5+ Ke7
9.Qd5 Nh6 10.Qe6+ Kf8 11.Qd5 c6 12.Ne6+ Ke7 13.Bg5+ Bf6 14.Qc4 Nb6 15.Bxf6+ Kxf6
16.Qh4+ Kxe6 17.Qxh6 Qf8 18.Qh4 Qe7 19.Qe4 Nd5 20.O-O Kf7 21.Nd2 Kg7 22.c4 Bf5
23.Qf3 Nf6 24.e4 Rhd8 25.Qe3 Be6 26.Qc3 Rd4 27.f4 Rad8 28.fxe5 Ng4 29.Nb3 Rxc4
30.Qg3 Rxe4 31.Rae1 Rxe1 32.Rxe1 Qb4 33.h3 Rd3 34.Qh4 Qb6+ 35.Kh1 Rxh3+  0-1

[Event "Wiesbaden"]
[Site "Wiesbaden"]
[Date "1981.??.??"]
[Round "?"]
[White "Soos, Bela"]
[Black "Nunn, John DM"]
[Result "0-1"]
[WhiteElo "2420"]
[BlackElo "2580"]

1.d4 Nf6 2.c4 g6 3.Nc3 Bg7 4.e4 d6 5.Nge2 O-O 6.f3 a6 7.Be3 Nc6 8.Qd2 Rb8
9.Rc1 Bd7 10.g3 b5 11.cxb5 axb5 12.Bg2 Qc8 13.O-O Qa6 14.b3 Rfc8 15.h3 b4
16.Nd1 Na5 17.Nf2 Bb5 18.Rfe1 Nd7 19.Nf4 e6 20.Qxb4 c5 21.dxc5 dxc5 22.Qd2 c4
23.Bf1 Ne5 24.Kg2 Rd8 25.Qc2 cxb3 26.Bxb5 Qxb5 27.axb3 Nxb3 28.Rb1 Qa4 29.N4d3 Nxf3
30.Red1 Nfd4 31.Qc7 Rdc8 32.Qe7 Re8 33.Qh4 Nc2 34.Bh6 Bh8 35.Qf4 e5 36.Qh4 Qc6
37.Kh2 Nbd4 38.Kg2 Nf5 39.Qg5 Nce3+ 40.Kg1 Nxd1 41.Rxb8 Rxb8 42.exf5 Nxf2
43.Nxf2 Qf3  0-1

[Event "Wiesbaden"]
[Site "Wiesbaden"]
[Date "1981.??.??"]
[Round "?"]
[White "Nunn, John DM"]
[Black "Mariotti, Sergio"]
[Result "1-0"]
[WhiteElo "2580"]
[BlackElo "2475"]

1.e4 c5 2.Nf3 a6 3.c4 Nc6 4.d4 cxd4 5.Nxd4 e6 6.Nc3 Qc7 7.a3 Nf6 8.Be3 Ne5
9.Be2 Ng6 10.Qd2 b6 11.f3 Bb7 12.O-O-O h5 13.Kb1 h4 14.Rc1 Be7 15.Ka1 Kf8
16.Nb3 Rb8 17.g3 hxg3 18.hxg3 Rxh1 19.Rxh1 Qxg3 20.Na4 b5 21.cxb5 axb5 22.Nac5 Bc6
23.Na5 Kg8 24.Nxc6 dxc6 25.Nxe6 b4 26.a4 fxe6 27.Rg1 Qh2 28.Rxg6 Rd8 29.Qe1 Kf7
30.Rg1 Ra8 31.Bd1 c5 32.Bb3 c4 33.Bxc4 Rxa4+ 34.Kb1 Ra5 35.Qd1 Bc5 36.Qb3 Qe5
37.Rg5  1-0

[Event "Wiesbaden"]
[Site "Wiesbaden"]
[Date "1981.??.??"]
[Round "?"]
[White "Nunn, John DM"]
[Black "Kindermann, Stefan"]
[Result "1-0"]
[WhiteElo "2580"]
[BlackElo "2425"]

1.e4 g6 2.d4 Bg7 3.Nc3 d6 4.f4 Nc6 5.Be3 Nf6 6.Be2 O-O 7.Nf3 e6 8.Qd2 b6
9.O-O-O Bb7 10.e5 Ng4 11.h3 Nxe3 12.Qxe3 Ne7 13.g4 f6 14.Bc4 Bxf3 15.Bxe6+ Kh8
16.Qxf3 fxe5 17.dxe5 Bxe5 18.Ne2 g5 19.f5 Ng6 20.Qc6 Nf4 21.Nxf4 Bxf4+ 22.Kb1 Be5
23.Rhe1 Qe7 24.Re4 Qg7 25.c3 Rae8 26.a4 a5 27.Qd5 Re7 28.Rde1 Rb8 29.Qc6 h6
30.Bc4 Rd8 31.Ka2 Rb8 32.Bb3 Rf8 33.R1e2 Rb8 34.Rf2 Qf6 35.Rf3 Rf8 36.Rfe3 Kg7
37.Qd5 Rb8 38.Rc4 c5 39.Rce4 Kh8 40.Qc6 Kg7 41.Rd3 Bh2 42.Re6 Rxe6 43.Qc7+ Qe7
44.Qxb8 c4 45.fxe6 cxd3 46.Qxb6 Be5 47.Qe3 Qc7 48.Qxd3 Qe7 49.Qb5 Qc7 50.Qe8  1-0

[Event "Wiesbaden"]
[Site "Wiesbaden"]
[Date "1981.??.??"]
[Round "?"]
[White "Nunn, John DM"]
[Black "Hess, Ralf"]
[Result "1-0"]
[WhiteElo "2580"]
[BlackElo "2415"]

1.e4 e5 2.Bc4 Nf6 3.d3 c6 4.Nf3 d6 5.O-O Be7 6.c3 O-O 7.Nbd2 Kh8 8.Re1 Nbd7
9.Bb3 Nc5 10.Bc2 Ne6 11.d4 Nd7 12.Nc4 f6 13.d5 cxd5 14.exd5 Ng5 15.Nh4 g6
16.Nxg6+ hxg6 17.Bxg6 Kg7 18.Bf5 Rh8 19.Ne3 Nf8 20.Qc2 Qe8 21.Bxc8 Rxc8 22.Nf5+ Kg8
23.h4 Nf7 24.Qe4 Rh7 25.Qg4+ Kh8 26.Nxe7 Qxe7 27.Qxc8 Rxh4 28.Be3 Nh6 29.Bxh6 Rxh6
30.Re3 Kg7 31.Rae1 Qf7 32.c4 f5 33.c5 dxc5 34.Qxc5 Nd7 35.Rg3+ Kh7 36.Qa3 Ra6
37.Rh3+ Kg7 38.Qg3+ Rg6 39.Qh4 Kf8 40.Qd8+  1-0

[Event "Wiesbaden"]
[Site "Wiesbaden"]
[Date "1981.??.??"]
[Round "?"]
[White "Nunn, John DM"]
[Black "Chandler, Murray G"]
[Result "1/2-1/2"]
[WhiteElo "2580"]
[BlackElo "2530"]

1.e4 c6 2.d4 d5 3.e5 Bf5 4.Nc3 e6 5.g4 Bg6 6.Nge2 Be7 7.Nf4 c5 8.dxc5 d4
9.Nxg6 hxg6 10.Ne4 Bxc5 11.Nxc5 Qd5 12.Nxb7 Qxh1 13.Nd6+ Kf8 14.Qxd4 Nc6
15.Qf4 f6 16.Be3 Nxe5 17.O-O-O Ne7 18.Bc4 g5 19.Qd4 Rxh2 20.Bxe6  1/2-1/2

[Event "Biel"]
[Site "Biel"]
[Date "1982.??.??"]
[Round "1"]
[White "Mariotti, Sergio"]
[Black "Nunn, John DM"]
[Result "1-0"]
[WhiteElo "2455"]
[BlackElo "2565"]

1.d4 Nf6 2.Nf3 g6 3.Nbd2 Bg7 4.e4 d6 5.Be2 O-O 6.O-O Nc6 7.c3 Re8 8.Qc2 e5
9.dxe5 Nxe5 10.Nxe5 Rxe5 11.Bd3 Re8 12.Nc4 Nd7 13.Be3 b6 14.Bd4 Bb7 15.Ne3 Nf6
16.f3 Qe7 17.Bc4 c6 18.Rad1 Rad8 19.Rfe1 Bc8 20.Bf1 Bh6 21.Qd2 Bg7 22.c4 Nh5
23.Bxg7 Nxg7 24.b4 h5 25.b5 Bb7 26.bxc6 Bxc6 27.Nd5 Bxd5 28.cxd5 Qf6 29.Bb5 Re7
30.f4 h4 31.Re2 Nh5 32.Rf1 Qh8 33.Rf3 Qh6 34.Bc6 f6 35.Re1 Rf8 36.Qb4 Rd8
37.Qd4 Nxf4 38.Qxf6  1-0

[Event "Biel"]
[Site "Biel"]
[Date "1982.??.??"]
[Round "2"]
[White "Nunn, John DM"]
[Black "Szmetan, Ricardo"]
[Result "1-0"]
[WhiteElo "2565"]
[BlackElo "2295"]

1.e4 c5 2.Nf3 e6 3.d4 cxd4 4.Nxd4 a6 5.c4 Nf6 6.Nc3 d6 7.Be2 Be7 8.O-O O-O
9.f4 Qc7 10.Be3 Re8 11.Qe1 Nbd7 12.Qg3 Bf8 13.Rad1 Nc5 14.e5 Nfe4 15.Nxe4 Nxe4
16.Qf3 f5 17.exf6 Nxf6 18.Kh1 g6 19.Bg1 Bg7 20.Qb3 Ne4 21.Qe3 Nf6 22.Qb3 Ne4
23.Bf3 Nc5 24.Qa3 Bd7 25.Rfe1 Rac8 26.b4 Na4 27.Nxe6 Qxc4 28.Bd5 Qc3 29.Ng5+ Kh8
30.Nf7+ Kg8 31.Nxd6+ Kf8 32.Qxc3 Nxc3 33.Nxc8  1-0

[Event "Biel"]
[Site "Biel"]
[Date "1982.??.??"]
[Round "3"]
[White "Gheorghiu, Florin"]
[Black "Nunn, John DM"]
[Result "1/2-1/2"]
[WhiteElo "2535"]
[BlackElo "2565"]

1.d4 Nf6 2.c4 g6 3.Nc3 Bg7 4.e4 d6 5.Be2 O-O 6.Nf3 Nbd7 7.Be3 e5 8.d5 a5
9.Nd2 Nc5 10.O-O Nfd7 11.Nb3 b6 12.Nxc5 Nxc5 13.Qd2 Bd7 14.Rae1 Qe7  1/2-1/2